Rich dad, poor dad : (Record no. 85382)
[ view plain ]
| 000 -LEADER | |
|---|---|
| fixed length control field | 00751nam a2200229 a 4500 |
| 001 - CONTROL NUMBER | |
| control field | 85382 |
| 003 - CONTROL NUMBER IDENTIFIER | |
| rucl marc code | BD-RjUL |
| 005 - DATE AND TIME OF LATEST TRANSACTION | |
| control field | 20250731111339.0 |
| 008 - FIXED-LENGTH DATA ELEMENTS--GENERAL INFORMATION | |
| fixed length control field | 250730s2017 |||||||| |||| 00| 0 eng d |
| 020 ## - INTERNATIONAL STANDARD BOOK NUMBER | |
| International Standard Book Number | 9781612680170 |
| 035 ## - SYSTEM CONTROL NUMBER | |
| System control number | (BD-RjUL)85382 |
| 040 ## - CATALOGING SOURCE | |
| Original cataloging agency | BD-RjUL |
| Language of cataloging | eng |
| Transcribing agency | BD-RjUL |
| 041 ## - LANGUAGE CODE | |
| Language code of text/sound track or separate title | eng |
| 082 ## - DEWEY DECIMAL CLASSIFICATION NUMBER | |
| Edition number | 23 |
| Classification number | 332.024 |
| Author mark and year | KIR 2017 |
| 100 ## - MAIN ENTRY--PERSONAL NAME | |
| Personal name | Kiyosaki, Robert T. |
| 9 (RLIN) | 16362 |
| 245 ## - TITLE STATEMENT | |
| Title | Rich dad, poor dad : |
| Remainder of title | with updates for today's world - and 9 new study session sections / |
| Statement of responsibility, etc. | Robert T. Kiyosaki |
| 260 ## - PUBLICATION, DISTRIBUTION, ETC. (IMPRINT) | |
| Place of publication, distribution, etc. | Scottsdale, AZ, : |
| Name of publisher, distributor, etc. | Plata Publishing, |
| Date of publication, distribution, etc. | 2017 |
| 300 ## - PHYSICAL DESCRIPTION | |
| Pagination | xi, 294, xxvii, 7 pages : |
| Illustrations | illustrations ; |
| Size | 23 cm |
| 650 ## - SUBJECT ADDED ENTRY--TOPICAL TERM | |
| Topical term or geographic name as entry element | Personal finance |
| 9 (RLIN) | 16363 |
| Topical term or geographic name as entry element | Personal financial management |
| 9 (RLIN) | 16364 |
| 942 ## - ADDED ENTRY ELEMENTS (KOHA) | |
| Source of classification or shelving scheme | Dewey Decimal Classification |
| Koha item type | Books |
| Lost status | Source of classification or shelving scheme | Damaged status | Not for loan | Collection code | Permanent Location | Current Location | Shelving location | Date acquired | Source of acquisition | Total Checkouts | Full call number | Date last seen | Copy number | Koha item type |
|---|---|---|---|---|---|---|---|---|---|---|---|---|---|---|
| Dewey Decimal Classification | Not For Loan | Non-fiction | Central Library, University of Rajshahi | Central Library, University of Rajshahi | Reading Room | 29/07/2025 | Author | 332.024 KIR 2017 | 31/07/2025 | C-1 | Books |